Hacerlo bien y hacerlo saber (Record no. 126688)

MARC details
000 -LEADER
campo de control de longitud fija 00851nam a2200241 i 4500
001 - NÚMERO DE CONTROL
campo de control 126688
003 - IDENTIFICADOR DE NÚMERO DE CONTROL
campo de control ES-MaACL
005 - FECHA Y HORA DE LA ÚLTIMA TRANSACCIÓN
campo de control 20250903063106.0
007 - CAMPO FIJO DE DESCRIPCIÓN FÍSICA--INFORMACIÓN GENERAL
campo de control de longitud fija t|
008 - DATOS DE LONGITUD FIJA--INFORMACIÓN GENERAL
campo de control de longitud fija 070214s1970 sp r ||||1| spa d
100 1# - ENTRADA PRINCIPAL--NOMBRE DE PERSONA
Nombre de persona Revilla, Federico.
9 (RLIN) 96429
245 10 - MENCIÓN DEL TÍTULO
Título Hacerlo bien y hacerlo saber
Resto del título : las relaciones públicas de la empresa /
Mención de responsabilidad, etc. Federico Revilla ; prólogo de Francisco Izquierdo Navarro.
250 ## - MENCION DE EDICION
Mención de edición 1ª. ed.
260 ## - PUBLICACIÓN, DISTRIBUCIÓN, ETC.
Lugar de publicación, distribución, etc. Barcelona :
Nombre del editor, distribuidor, etc. Oikos-Tau,
Fecha de publicación, distribución, etc. 1970.
300 ## - DESCRIPCIÓN FÍSICA
Extensión 301 p., 6 lám. :
Otras características físicas il. ;
Dimensiones 22 cm.
490 1# - MENCIÓN DE SERIE
Mención de serie Selecciones de marketing (Oikos-Tau) ;
Designación de volumen o secuencia 12
RLIN 242186
650 #4 - PUNTO DE ACCESO ADICIONAL DE MATERIA--TÉRMINO DE MATERIA
Término de materia o nombre geográfico como elemento de entrada Relaciones públicas.
9 (RLIN) 146430
700 1# - ENTRADA AGREGADA--NOMBRE PERSONAL
Nombre de persona Izquierdo Navarro, Francisco.
9 (RLIN) 65739
830 #0 - PUNTO DE ACCESO ADICIONAL DE SERIE-TÍTULO UNIFORME
Título uniforme Selecciones de marketing (Oikos-Tau) ;
Designación de volumen o secuencia 12
9 (RLIN) 242186
852 ## - LOCALIZACIÓN
Ubicación ES-MaACL
Número de control de estantería C-38517
Sublocalización o colección R.73680
942 ## - ELEMENTOS DE ENTRADA SECUNDARIOS (KOHA)
Fuente del sistema de clasificación o colocación Clasificación decimal universal
Holdings
Estatus retirado Estado de pérdida Estado de daño No para préstamo Biblioteca de origen Biblioteca actual Ubicación en estantería Fecha de adquisición Fuente de adquisición Total de préstamos Signatura topográfica completa Código de barras Visto por última vez Precio de reemplazo Tipo de ítem Koha
        Biblioteca del Ateneo de Madrid Biblioteca del Ateneo de Madrid Depósito 2 17/01/2008     C-38517 1131958 23/02/2023 23/02/2023 Libro impreso